000 00363nam a22001577a 4500
003 SGT
020 _a978-81-239-0514-3
082 _a615.19
_bBEC
100 _aBECKETT, A.H.
245 _aPRACTICAL PHARMACEUTICAL CHEMISTRY
250 _a4TH
260 _aINDIA
_bCBS PUB.
_c2007
300 _a601
650 _aPHARMACEUTICAL CHEMISTRY
942 _2ddc
_cBK
999 _c32897
_d32897